| 000 | 00940nam a22002297a 4500 | ||
|---|---|---|---|
| 005 | 20240530110419.0 | ||
| 008 | 141019s2010 ua gr 000 0 ara d | ||
| 017 |
_a10568/2009 _bمصر . دار الكتب المصرية |
||
| 020 | _a9789773286100 | ||
| 040 | _aEG-CaGPL | ||
| 082 | 0 | 4 |
_221 _a371.19\ _bر ت |
| 100 | 0 | _aرشيدة السيد احمد الطاهر | |
| 245 | 1 | 2 |
_aالتخطيط لادارة المؤسسات التعليمية ذاتيا فى ضوء المشاركة المجتمعية / _cرشيدة السيد احمد الطاهر |
| 260 |
_aالاسكندرية : _bدار الجامعة الجديدة _c2010 |
||
| 300 |
_a361 ص ؛ _c24 سم |
||
| 650 | 0 | 4 |
_aالتعليم _xمصر |
| 650 | 0 | 4 | _aالمدرسة والمجتمع |
| 650 | 0 | 4 |
_aالمجتمع المدنى _xتعليم |
| 650 | 0 | 4 |
_aالمدارس _xتنظيم وادارة |
| 942 |
_2ddc _cBK |
||
| 999 |
_c60614 _d60614 |
||